NBA All Star 2025 Fan Voting - Statistics

General Stats
  • This quiz has been taken 153 times
  • The average score is 29 of 40
Answer Stats
Votes Position Player % Correct
2,591,287 SF/PF LeBron James
98%
2,924,436 C Nikola Jokić
97%
3,489,956 PF/SF Giannis Antetokounmpo
95%
1,793,150 PG Stephen Curry
94%
2,842,956 SF/PF Jayson Tatum
89%
2,405,404 PG/SG Shai Gilgeous-Alexander
88%
1,678,150 PG/SG Luka Dončić
87%
1,906,962 C/PF Anthony Davis
86%
2,200,173 C/PF Victor Wembanyama
84%
2,498,843 SF/PF Kevin Durant
83%
933,090 SF/SG Jalen Brown
81%
2,455,331 C/PF Karl-Anthony Towns
79%
906,215 SG Anthony Edwards
78%
1,270,187 PG Damian Lillard
77%
383,805 C Joel Embiid
77%
1,908,967 PG LaMelo Ball
76%
1,243,385 PG/SG Jalen Brunson
75%
543,669 PG/SG James Harden
75%
1,020,116 PG/SG Kyrie Irving
75%
705,936 PG Trae Young
74%
331,794 PG De'Aaron Fox
72%
244,573 SG/PG Devin Booker
72%
350,964 C/PF Domantas Sabonis
71%
1,554,204 SG/PG Donovan Mitchell
70%
764,521 C Alperen Şengün
68%
430,295 PG Ja Morant
68%
454,652 SF/SG Jimmy Butler
67%
459,161 SG/PF Jalen Williams
66%
480,667 PF Evan Mobley
65%
582,617 PG/SG Cade Cunningham
64%
275,731 C/PF Jaren Jackson Jr.
62%
344,361 C Jarrett Allen
62%
397,897 PG/SG Darius Garland
60%
288,579 SG Tyler Herro
60%
611,869 PG/SG Tyrese Maxey
60%
1,051,115 PF Paolo Banchero
58%
450,432 SF Franz Wagner
49%
225,556 SG/SF Norman Powell
40%
337,741 SG/PG Jordan Poole
33%
410,011 SF/PF Andrew Wiggins
29%
No matching quizzes found
Score Distribution
Percent of People with Each Score
Percentile by Number Answered
Your Score History
You have not taken this quiz